Peribahasa untuk sekolah menengah : persediaan PT3/SPM

Bibliographic Details
Main Author: Sulaiman Zakaria
Format: Book
Published: Selangor : Pustaka Al-Ehsan , 2019
Subjects:

MARC

LEADER 00000cam a2200000 7i4500
001 0000085581
005 20200913.0
008 200913
020 |a 9789670971933 
041 0 |a Malay 
090 0 0 |a 398.99923   |b SUL 
100 0 |a Sulaiman Zakaria 
245 1 0 |a Peribahasa untuk sekolah menengah :   |b persediaan PT3/SPM   |c Sulaiman Zakaria 
260 |a Selangor :   |b Pustaka Al-Ehsan ,   |c 2019 
300 |a 270 p. ;   |c 21 cm. 
541 0 0 |c Purchased on 2020   |f 335/20 TGR   |h RM14.90 
650 0 |a Proverbs   |x Malay 
999 |a 0001624681   |b Book   |c Adult Collection   |e Perbadanan Perpustakaan Awam Johor 
999 |a 0001624682   |b Book   |c Adult Collection   |e Cawangan Urban Transformation Centre 
999 |a 0001624683   |b Book   |c Adult Collection   |e Cawangan AEON Kulaijaya 
999 |a 0001628094   |b Book   |c Adult Collection   |e Cawangan Kota Tinggi 
999 |a 0001628095   |b Book   |c Adult Collection   |e Cawangan Bandar Penawar 
999 |a 0001628096   |b Book   |c Adult Collection   |e Cawangan Bukit Gambir 
999 |a 0001628097   |b Book   |c Adult Collection   |e Cawangan Pontian 
999 |a 0001628098   |b Book   |c Adult Collection   |e Cawangan Taman Sri Lambak 
999 |a 0001628099   |b Book   |c Adult Collection   |e Cawangan Batu Pahat 
999 |a 0001628100   |b Book   |c Adult Collection   |e Cawangan Tangkak 
999 |a 0001628101   |b Book   |c Adult Collection   |e Cawangan Tmn. Ungku Tun Aminah 
999 |a 0001628103   |b Book   |c Adult Collection   |e Cawangan Mersing 
999 |a 0001628104   |b Book   |c Adult Collection   |e Cawangan Segamat 
999 |a 0001628105   |b Book   |c Adult Collection   |e Cawangan Bandar Tenggara 
999 |a 0001628106   |b Book   |c Adult Collection   |e Cawangan Muar